[Event "6. Raiffeisen Open - A"]
[Site "Aschach"]
[Date "1997.12.27"]
[Round "2"]
[White "Loeffler, Josef"]
[Black "Brustman, Agnieszka"]
[Result "0-1"]
[WhiteElo "2150"]
[BlackElo "2380"]
[PlyCount "86"]
[EventDate "1997.??.??"]
[Source "Union Hartkirch"]
[SourceDate "1998.01.01"]

1. e4 e6 2. d4 d5 3. Nd2 Nf6 4. e5 Nfd7 5. f4 c5 6. c3 Nc6 7. Ndf3 cxd4 8. cxd4
Qb6 9. Ne2 f6 10. g3 Be7 11. Bh3 f5 12. b3 Ndb8 13. Bb2 Na6 14. Rc1 Bd7 15. Nc3
Na5 16. Bf1 Bc6 17. Be2 Nc7 18. O-O O-O-O 19. Qd3 Kb8 20. Rb1 h6 21. Bc1 Rdg8
22. h4 Be8 23. b4 Nc4 24. Kg2 Bh5 25. Na4 Qc6 26. Nc5 b6 27. Na6+ Nxa6 28. b5
Qb7 29. bxa6 Qxa6 30. Qb3 Rc8 31. a4 Qa5 32. Rf2 Be8 33. Bd1 Rg8 34. Ra2 Bd7
35. Nd2 g5 36. hxg5 hxg5 37. Nf3 g4 38. Nd2 Rh8 39. Be2 Rh6 40. Nxc4 dxc4 41.
Bxc4 Rxc4 42. Qxc4 Qe1 43. Rc2 Qe4+ 0-1

[Event "6. Raiffeisen Open - A"]
[Site "Aschach"]
[Date "1997.12.27"]
[Round "2"]
[White "Rogulj, Branko"]
[Black "Aksiuczyc, Monika"]
[Result "1-0"]
[WhiteElo "2415"]
[BlackElo "2180"]
[PlyCount "65"]
[EventDate "1997.??.??"]
[Source "Union Hartkirch"]
[SourceDate "1998.01.01"]

1. e4 c5 2. Nc3 Nc6 3. g3 d6 4. Bg2 e5 5. d3 Be6 6. Nd5 Nf6 7. Ne2 Be7 8. c3 h5
9. Nxe7 Nxe7 10. Bg5 d5 11. O-O h4 12. Bxh4 Rxh4 13. gxh4 Ng6 14. f4 Bg4 15.
fxe5 Nxe5 16. exd5 Qd7 17. d4 Nc4 18. Qd3 Nxb2 19. Qe3+ Kf8 20. Nf4 Re8 21. Qf2
Na4 22. dxc5 Nxc3 23. c6 Qd6 24. Rae1 Nce4 25. Qd4 Nc5 26. Rxe8+ Nxe8 27. cxb7
Nxb7 28. Qxa7 Qb4 29. Ne6+ Ke7 30. a3 Qb2 31. Nd4 Ned6 32. Nc6+ Kd7 33. Qe3 1-0

[Event "6. Raiffeisen Open - A"]
[Site "Aschach"]
[Date "1997.12.27"]
[Round "2"]
[White "Steinermayr, Thomas"]
[Black "Mitricika, Liviu"]
[Result "1-0"]
[WhiteElo "2250"]
[BlackElo "1865"]
[PlyCount "61"]
[EventDate "1997.??.??"]
[Source "Union Hartkirch"]
[SourceDate "1998.01.01"]

1. e4 c6 2. d4 d5 3. exd5 cxd5 4. c4 Nf6 5. Nc3 Nc6 6. Nf3 Bg4 7. cxd5 Nxd5 8.
Qb3 Bxf3 9. gxf3 Nb6 10. d5 Nd4 11. Qd1 e5 12. dxe6 Qf6 13. exf7+ Kxf7 14. Be2
Rd8 15. Bd2 Qg6 16. Kf1 Qf5 17. h4 Bc5 18. Ne4 Rhe8 19. Be3 Kg8 20. Rc1 Nxf3
21. Qb3+ Kh8 22. Bxc5 Nd2+ 23. Nxd2 Rxd2 24. Qf3 Qe5 25. Be3 Rxb2 26. Rc5 Qe7
27. Bd3 Nd7 28. Rf5 Qd6 29. Rd5 Qc6 30. Bd4 Rf8 31. Qh5 1-0

[Event "6. Raiffeisen Open - A"]
[Site "Aschach"]
[Date "1997.12.27"]
[Round "2"]
[White "Obermayr, Hermann"]
[Black "Schneider-Zinner, Harald"]
[Result "0-1"]
[WhiteElo "2140"]
[BlackElo "2265"]
[PlyCount "85"]
[EventDate "1997.??.??"]
[Source "Union Hartkirch"]
[SourceDate "1998.01.01"]

1. d4 e6 2. c4 b6 3. Nc3 Bb7 4. e3 Bb4 5. f3 f5 6. Bd3 c5 7. Nge2 Qh4+ 8. Kf1
cxd4 9. exd4 Nf6 10. Bf4 O-O 11. Qe1 Qh5 12. Ng3 Qf7 13. a3 Be7 14. Nb5 Ne8 15.
Nxa7 g5 16. Bxb8 Rxb8 17. Nb5 Nd6 18. Nxd6 Bxd6 19. Qf2 h5 20. h4 g4 21. f4 Kh8
22. Kg1 Qf6 23. Nxh5 Qh6 24. c5 Bc7 25. cxb6 Bxb6 26. Ng3 Qf6 27. Ne2 g3 28.
Qe3 d6 29. Kf1 Rg8 30. Rd1 Bd5 31. Rh3 Rg4 32. Rxg3 Rxg3 33. Qxg3 Rg8 34. Qf2
Rxg2 35. Qxg2 Bxg2+ 36. Kxg2 Bxd4 37. Bxf5 Bxb2 38. Bg4 Bxa3 39. Kf3 Bc5 40.
Rb1 e5 41. Rb8+ Kg7 42. Re8 Qg6 43. h5 0-1

[Event "6. Raiffeisen Open - A"]
[Site "Aschach"]
[Date "1997.12.27"]
[Round "2"]
[White "Ljubic, Juro"]
[Black "Schmidt, Peter"]
[Result "1/2-1/2"]
[WhiteElo "2175"]
[BlackElo "2410"]
[PlyCount "95"]
[EventDate "1997.??.??"]
[Source "Union Hartkirch"]
[SourceDate "1998.01.01"]

1. e4 c6 2. c4 d5 3. exd5 cxd5 4. d4 Nf6 5. Nc3 g6 6. Qb3 Bg7 7. cxd5 O-O 8.
Be2 Nbd7 9. Bf3 Nb6 10. Nge2 Bf5 11. Bf4 Bd3 12. d6 exd6 13. Qd1 Ba6 14. O-O
Rc8 15. Rc1 Qd7 16. b3 h6 17. h3 Rfe8 18. Re1 d5 19. Be5 Ne4 20. Bxe4 dxe4 21.
Nxe4 Bxe5 22. dxe5 Qxd1 23. Rcxd1 Rxe5 24. Nd4 Kg7 25. f4 Rd5 26. Nf3 Rc2 27.
a3 Rb2 28. Rb1 Rc2 29. Rbc1 Bd3 30. Nf2 Bf5 31. g4 Rxc1 32. Rxc1 Be6 33. Rc7
Rd7 34. Rxd7 Nxd7 35. Nd4 Bd5 36. Nd3 b6 37. b4 Nf6 38. b5 Bb7 39. Nb4 Nd5 40.
Nxd5 Bxd5 41. Kf2 Kf6 42. Ke3 Ke7 43. h4 Kd6 44. h5 gxh5 45. gxh5 Bc4 46. a4
Be6 47. Nxe6 Kxe6 48. Ke4 1/2-1/2

[Event "6. Raiffeisen Open - A"]
[Site "Aschach"]
[Date "1997.12.27"]
[Round "2"]
[White "Stanka, Wolfgang"]
[Black "Heimberger, Reinhard"]
[Result "0-1"]
[WhiteElo "2130"]
[BlackElo "2260"]
[PlyCount "80"]
[EventDate "1997.??.??"]
[Source "Union Hartkirch"]
[SourceDate "1998.01.01"]

1. e4 c5 2. d4 cxd4 3. c3 Nf6 4. e5 Nd5 5. cxd4 e6 6. Nf3 Nc6 7. Bd3 d6 8. O-O
Be7 9. Nc3 Nxc3 10. bxc3 dxe5 11. Nxe5 Nxe5 12. dxe5 Qa5 13. Qe2 Bd7 14. f4 g6
15. Be4 Rc8 16. Rb1 b5 17. Rd1 Rc7 18. Be3 O-O 19. Bd4 Rb8 20. Qf2 Rbc8 21. g4
b4 22. cxb4 Bxb4 23. f5 Ba4 24. Rf1 exf5 25. gxf5 Bc5 26. fxg6 hxg6 27. e6 f5
28. e7 Bxd4 29. Qxd4 fxe4 30. Qd8+ Kh7 31. Rf7+ Kh6 32. Qf8+ Kg5 33. h4+ Kg4
34. Rff1 Qc5+ 35. Kh1 Qxe7 36. Qh6 Qxh4+ 37. Qxh4+ Kxh4 38. Rf4+ Kg3 39. Rf6
Rh7+ 40. Kg1 g5 0-1

[Event "6. Raiffeisen Open - A"]
[Site "Aschach"]
[Date "1997.12.27"]
[Round "2"]
[White "Balinov, Ilija"]
[Black "Tober, Gerhard"]
[Result "0-1"]
[WhiteElo "2560"]
[BlackElo "2205"]
[PlyCount "76"]
[EventDate "1997.??.??"]
[Source "Union Hartkirch"]
[SourceDate "1998.01.01"]

1. e4 c5 2. Nf3 Nc6 3. c3 Nf6 4. e5 Nd5 5. Bc4 e6 6. O-O d6 7. exd6 Qxd6 8. d4
cxd4 9. cxd4 Be7 10. Nc3 Nxc3 11. bxc3 O-O 12. Ng5 Bxg5 13. Bxg5 b6 14. Re1 Bb7
15. Qg4 e5 16. Qg3 Rae8 17. Rad1 Kh8 18. h4 Qb8 19. d5 Na5 20. Bb5 f6 21. Bxe8
Rxe8 22. Bc1 Rd8 23. f4 Nc4 24. fxe5 fxe5 25. Bg5 Rxd5 26. Rxd5 Bxd5 27. Rd1
Qd6 28. Qd3 Qc5+ 29. Kh2 Bg8 30. Rf1 h6 31. Qd8 Kh7 32. Be7 Qe3 33. Rf8 Nd2 34.
Qd7 Qe4 35. Rf2 Nc4 36. Bf6 Qg6 37. Bd8 Ne3 38. Kg1 38... Ng4 $138 0-1

[Event "6. Raiffeisen Open - A"]
[Site "Aschach"]
[Date "1997.12.27"]
[Round "2"]
[White "Lenz, Alarich"]
[Black "Pleimer, Anton"]
[Result "1/2-1/2"]
[WhiteElo "2225"]
[BlackElo "1795"]
[PlyCount "63"]
[EventDate "1997.??.??"]
[Source "Union Hartkirch"]
[SourceDate "1998.01.01"]

1. c4 Nf6 2. Nc3 c5 3. g3 g6 4. Bg2 Bg7 5. Nf3 Nc6 6. O-O O-O 7. d4 cxd4 8.
Nxd4 a6 9. c5 Qa5 10. Nb3 Qd8 11. Bg5 h6 12. Bf4 b6 13. Bxc6 dxc6 14. Qxd8 Rxd8
15. cxb6 Nd5 16. Nxd5 Rxd5 17. e4 Rb5 18. Bc7 a5 19. Rac1 a4 20. Nc5 Bd4 21. b4
axb3 22. Nxb3 Bxb6 23. Rxc6 Bxc7 24. Rxc7 Bh3 25. Rfc1 Rxa2 26. Nc5 Rbb2 27.
Nd3 Rd2 28. Nf4 Bg4 29. h3 Bf3 30. Rxe7 Rac2 31. Rf1 g5 32. Nd5 1/2-1/2

[Event "6. Raiffeisen Open - A"]
[Site "Aschach"]
[Date "1997.12.27"]
[Round "2"]
[White "Bachmayer, Josef"]
[Black "Pisk, Petr"]
[Result "1/2-1/2"]
[WhiteElo "2140"]
[BlackElo "2340"]
[PlyCount "105"]
[EventDate "1997.??.??"]
[Source "Union Hartkirch"]
[SourceDate "1998.01.01"]

1. d4 Nf6 2. Nc3 d5 3. Bg5 g6 4. Bxf6 exf6 5. e3 Bg7 6. Bd3 f5 7. Qf3 c6 8.
O-O-O Nd7 9. Nge2 Nf6 10. h3 Qd6 11. Qf4 Qxf4 12. Nxf4 Ne4 13. Nxe4 fxe4 14.
Be2 b5 15. c3 Kd7 16. Kc2 Bf8 17. f3 exf3 18. Bxf3 f5 19. b3 Ba6 20. Nd3 Re8
21. Rhe1 Kc7 22. Nc5 Bc8 23. a4 Bxc5 24. dxc5 bxa4 25. b4 Re7 26. Ra1 Rhe8 27.
Rxa4 a6 28. c4 dxc4 29. Kc3 Rxe3+ 30. Rxe3 Rxe3+ 31. Kxc4 f4 32. Kd4 g5 33. Be4
h5 34. Bd3 g4 35. hxg4 hxg4 36. Bxa6 Bb7 37. Bxb7 Kxb7 38. Ra2 Rb3 39. Kc4 Rg3
40. Rf2 f3 41. gxf3 Rxf3 42. Rb2 Rf4+ 43. Kc3 Kc7 44. b5 cxb5 45. Rxb5 Kc6 46.
Ra5 g3 47. Kd3 Rf1 48. Ra6+ Kxc5 49. Rg6 Ra1 50. Ke4 Re1+ 51. Kf3 Rf1+ 52. Kg2
Ra1 53. Rxg3 1/2-1/2

[Event "6. Raiffeisen Open - A"]
[Site "Aschach"]
[Date "1997.12.27"]
[Round "3"]
[White "Konrad, Edmund"]
[Black "Kreindl, Helmut"]
[Result "1/2-1/2"]
[WhiteElo "2095"]
[BlackElo "2260"]
[PlyCount "83"]
[EventDate "1997.??.??"]
[Source "Union Hartkirch"]
[SourceDate "1998.01.01"]

1. e4 d5 2. exd5 Nf6 3. d4 Nxd5 4. Nf3 g6 5. c4 Nb6 6. Be2 Bg7 7. Nc3 Nc6 8. c5
Nd5 9. Qb3 Nxc3 10. bxc3 O-O 11. O-O b6 12. Ba3 Na5 13. Qb4 Bb7 14. Rad1 e6 15.
c4 Qf6 16. Bc1 Rfe8 17. h3 h6 18. Be3 Rad8 19. Qa4 g5 20. Ne5 Qe7 21. f4 f6 22.
Nf3 Be4 23. fxg5 hxg5 24. Bd3 Bxd3 25. Rxd3 e5 26. Rdd1 exd4 27. Bxd4 Qf7 28.
cxb6 axb6 29. Nxg5 Qxc4 30. Qxc4+ Nxc4 31. Nf3 Re2 32. Rf2 Rxf2 33. Kxf2 Ne5
34. Rd2 Bh6 35. Bxe5 Bxd2 36. Bxc7 Rc8 37. Bxb6 Rc2 38. Kg3 Rxa2 39. Nxd2 Rxd2
40. Be3 Ra2 41. Kf3 Kf7 42. g4 1/2-1/2

[Event "6. Raiffeisen Open - A"]
[Site "Aschach"]
[Date "1997.12.27"]
[Round "3"]
[White "Pleimer, Anton"]
[Black "Balinov, Ilija"]
[Result "0-1"]
[WhiteElo "1795"]
[BlackElo "2560"]
[PlyCount "56"]
[EventDate "1997.??.??"]
[Source "Union Hartkirch"]
[SourceDate "1998.01.01"]

1. d4 Nf6 2. c4 e6 3. Nc3 Bb4 4. Bd2 d5 5. e3 O-O 6. Nf3 c5 7. cxd5 exd5 8.
dxc5 Bxc5 9. Be2 Nc6 10. O-O a6 11. Rc1 Ba7 12. Qc2 Qd6 13. Rfd1 Bg4 14. Be1
Rad8 15. a3 Rfe8 16. b4 Ne5 17. Nd4 Bxe2 18. Ncxe2 Nc4 19. Qb3 Ng4 20. g3 Qh6
21. h4 g5 22. Nf5 Qg6 23. e4 Rxe4 24. Rxc4 Qxf5 25. Rxe4 Bxf2+ 26. Kf1 Be3+ 27.
Nf4 Qxe4 28. Rxd5 Qf3+ 0-1

[Event "6. Raiffeisen Open - A"]
[Site "Aschach"]
[Date "1997.12.27"]
[Round "3"]
[White "Schneider-Zinner, Harald"]
[Black "Hertneck, Gerald"]
[Result "0-1"]
[WhiteElo "2265"]
[BlackElo "2525"]
[PlyCount "70"]
[EventDate "1997.??.??"]
[Source "Union Hartkirch"]
[SourceDate "1998.01.01"]

1. d4 Nf6 2. Nf3 g6 3. c4 Bg7 4. Nc3 O-O 5. e4 d6 6. Be2 Bg4 7. Be3 Nfd7 8. Rc1
a6 9. O-O c5 10. d5 b5 11. cxb5 axb5 12. Bxb5 Ne5 13. Be2 Nxf3+ 14. Bxf3 Bxf3
15. Qxf3 Nd7 16. Qh3 Re8 17. f4 Qc8 18. Rf2 Nb6 19. Qxc8 Rexc8 20. b3 f5 21.
Rd2 Bxc3 22. Rxc3 fxe4 23. b4 cxb4 24. Rxc8+ Nxc8 25. Rb2 Kf7 26. Rxb4 Rxa2 27.
Rxe4 Rb2 28. g4 Ke8 29. Rc4 Kd7 30. f5 Rb5 31. g5 Rxd5 32. fxg6 hxg6 33. h4 Rf5
34. h5 gxh5 35. g6 Rf6 0-1

[Event "6. Raiffeisen Open - A"]
[Site "Aschach"]
[Date "1997.12.27"]
[Round "3"]
[White "Nickl, Klaus"]
[Black "Wohlfahrt, Herbert"]
[Result "1/2-1/2"]
[WhiteElo "2140"]
[BlackElo "2260"]
[PlyCount "95"]
[EventDate "1997.??.??"]
[Source "Union Hartkirch"]
[SourceDate "1998.01.01"]

1. d4 c5 2. c3 e6 3. e3 b6 4. Nf3 Bb7 5. Bd3 Nf6 6. Nbd2 d6 7. O-O Nbd7 8. b4
Be7 9. bxc5 bxc5 10. Ba3 O-O 11. dxc5 Nxc5 12. Bxc5 dxc5 13. Qc2 Qc7 14. Nc4 h6
15. Nfe5 Rfd8 16. Rfe1 Nd5 17. Bh7+ Kf8 18. Be4 Bf6 19. f4 Rab8 20. Rab1 g5 21.
g3 Ke7 22. Bxd5 Rxd5 23. Qh7 Bxe5 24. Nxe5 Rxe5 25. fxe5 Qxe5 26. Qd3 Qc7 27.
Qb5 a6 28. Qc4 Bd5 29. Qd3 Rxb1 30. Rxb1 Bxa2 31. Ra1 Bd5 32. Qxa6 Kf8 33. Qd3
Qb7 34. Rb1 Qa8 35. c4 Be4 36. Qd6+ Kg7 37. Rf1 Bh1 38. Qe5+ Kg8 39. e4 Qxe4
40. Qxe4 Bxe4 41. Kf2 Bd3 42. Rc1 e5 43. Ke3 e4 44. Ra1 Bxc4 45. Kxe4 Be6 46.
Ke5 Kg7 47. Ra7 Kg6 48. Rc7 1/2-1/2

[Event "6. Raiffeisen Open - A"]
[Site "Aschach"]
[Date "1997.12.27"]
[Round "3"]
[White "Pisk, Petr"]
[Black "Ljubic, Juro"]
[Result "1-0"]
[WhiteElo "2340"]
[BlackElo "2175"]
[PlyCount "89"]
[EventDate "1997.??.??"]
[Source "Union Hartkirch"]
[SourceDate "1998.01.01"]

1. e4 c5 2. Nf3 d6 3. d4 cxd4 4. Nxd4 Nf6 5. Nc3 g6 6. Be3 Bg7 7. f3 Nc6 8. Qd2
O-O 9. Bc4 Bd7 10. O-O-O Rc8 11. Bb3 Ne5 12. h4 h5 13. Bh6 Nc4 14. Bxc4 Rxc4
15. Bxg7 Kxg7 16. g4 hxg4 17. h5 Rh8 18. hxg6 fxg6 19. f4 Rh3 20. e5 Nh5 21. f5
Qb6 22. Rxh3 Rxd4 23. f6+ exf6 24. exf6+ Nxf6 25. Rd3 Rxd3 26. Qxd3 Bf5 27. Qe2
Qd8 28. Qh2 d5 29. Nxd5 Nxd5 30. Qe5+ Qf6 31. Qxd5 Qc6 32. Qxc6 bxc6 33. Kd2 g3
34. Rg1 Be6 35. Rxg3 a6 36. b3 Kf7 37. Ke3 Bf5 38. c4 Ke6 39. Kd4 Kd6 40. c5+
Kd7 41. Ke5 Bb1 42. a3 a5 43. Rh3 g5 44. Rg3 Bc2 45. b4 1-0

[Event "6. Raiffeisen Open - A"]
[Site "Aschach"]
[Date "1997.12.27"]
[Round "3"]
[White "Beim, Valery"]
[Black "Steinermayr, Thomas"]
[Result "1-0"]
[WhiteElo "2535"]
[BlackElo "2250"]
[PlyCount "71"]
[EventDate "1997.??.??"]
[Source "Union Hartkirch"]
[SourceDate "1998.01.01"]

1. c4 c5 2. Nf3 Nc6 3. Nc3 g6 4. e3 Bg7 5. d4 cxd4 6. exd4 d6 7. Be2 Nf6 8. d5
Ne5 9. Nxe5 dxe5 10. O-O O-O 11. Qb3 b6 12. a4 Nd7 13. a5 Rb8 14. axb6 axb6 15.
Be3 f5 16. f3 Kh8 17. Ra7 Rf6 18. Qb5 h5 19. Bd1 Rd6 20. Qb4 Qf8 21. Nb5 Rf6
22. Nc7 f4 23. Ne6 Qg8 24. Bf2 Rxe6 25. dxe6 Qxe6 26. Bc2 g5 27. Be4 g4 28. Bd5
Qf6 29. Qb5 Qd6 30. Qc6 Nf6 31. Rd1 Bd7 32. Qxd6 exd6 33. Ra8 Rxa8 34. Bxa8 b5
35. Rxd6 bxc4 36. Bh4 1-0

[Event "6. Raiffeisen Open - A"]
[Site "Aschach"]
[Date "1997.12.27"]
[Round "3"]
[White "Teske, Henrik"]
[Black "Lenz, Alarich"]
[Result "1-0"]
[WhiteElo "2515"]
[BlackElo "2225"]
[PlyCount "77"]
[EventDate "1997.??.??"]
[Source "Union Hartkirch"]
[SourceDate "1998.01.01"]

1. e4 e6 2. d4 d5 3. Nc3 Bb4 4. exd5 exd5 5. Bd3 Nc6 6. a3 Bxc3+ 7. bxc3 Nge7
8. Qf3 Be6 9. Rb1 b6 10. Ne2 Qd7 11. Nf4 Bf5 12. O-O O-O 13. a4 Bxd3 14. cxd3
Na5 15. Ba3 c6 16. Nh5 f6 17. Rbe1 Rf7 18. Re2 Nb7 19. Rfe1 Nd6 20. Re6 Nef5
21. g4 Nh4 22. Qh3 Ne4 23. Qxh4 Qxe6 24. dxe4 dxe4 25. Qg3 g6 26. Nf4 Qb3 27.
Bd6 Qxa4 28. Rxe4 Qd1+ 29. Kg2 a5 30. h3 Rd8 31. Ne6 Re8 32. Qe3 f5 33. gxf5
Rxf5 34. Nc7 Rxe4 35. Qxe4 Qd2 36. Qe8+ Kg7 37. Qe7+ Kg8 38. Qd8+ Kg7 39. Ne8+
1-0

[Event "6. Raiffeisen Open - A"]
[Site "Aschach"]
[Date "1997.12.27"]
[Round "3"]
[White "Hellmayr, Alois"]
[Black "Mahdy, Khaled"]
[Result "1/2-1/2"]
[WhiteElo "2220"]
[BlackElo "2400"]
[PlyCount "58"]
[EventDate "1997.??.??"]
[Source "Union Hartkirch"]
[SourceDate "1998.01.01"]

1. c3 Nf6 2. d4 g6 3. g3 Bg7 4. Bg2 d5 5. Nf3 O-O 6. O-O Nbd7 7. Bf4 Nh5 8. Bg5
c6 9. g4 Nhf6 10. h3 Qc7 11. Bh4 e5 12. Bg3 Ne4 13. Bh2 Qb6 14. Qb3 exd4 15.
Qxb6 axb6 16. cxd4 Re8 17. e3 b5 18. Nbd2 Nxd2 19. Nxd2 Nb6 20. Rfc1 Be6 21.
Nb3 Na4 22. Rc2 Bf8 23. Rd1 Nb6 24. Nc1 f6 25. Bf1 Nd7 26. Kg2 Nb8 27. Bg3 Na6
28. a3 Nb8 29. Nd3 Nd7 1/2-1/2

[Event "6. Raiffeisen Open - A"]
[Site "Aschach"]
[Date "1997.12.27"]
[Round "3"]
[White "Knoll, Hermann"]
[Black "Schneider-Zinner, Werner"]
[Result "1-0"]
[WhiteElo "2245"]
[BlackElo "2041"]
[PlyCount "79"]
[EventDate "1997.??.??"]
[Source "Union Hartkirch"]
[SourceDate "1998.01.01"]

1. d4 g6 2. e4 Bg7 3. Nc3 d6 4. Be3 Nf6 5. f3 c6 6. Qd2 Nbd7 7. g4 b5 8. h4 h5
9. g5 Nh7 10. Bh3 Nb6 11. b3 Nf8 12. a4 b4 13. Nce2 a5 14. Rd1 Qc7 15. Ng3 Ne6
16. N1e2 c5 17. d5 Nf8 18. Bg2 Ba6 19. O-O Nfd7 20. f4 c4 21. e5 c3 22. Qe1 Nc5
23. Qf2 Rd8 24. f5 Bxe5 25. fxg6 f6 26. gxf6 exf6 27. Ne4 Nxe4 28. Bxe4 Nd7 29.
Kh1 Nc5 30. Bf5 Bc8 31. Nd4 Bxf5 32. Qxf5 Qd7 33. Ne6 Nxe6 34. dxe6 Qc6+ 35.
Kg1 Ke7 36. Bg5 Qc5+ 37. Kg2 Qc6+ 38. Kh3 Qb7 39. Bxf6+ Bxf6 40. Qxf6+ 1-0

[Event "6. Raiffeisen Open - A"]
[Site "Aschach"]
[Date "1997.12.27"]
[Round "3"]
[White "Ganaus, Hannes"]
[Black "Bachmayer, Josef"]
[Result "1/2-1/2"]
[WhiteElo "2260"]
[BlackElo "2140"]
[PlyCount "96"]
[EventDate "1997.??.??"]
[Source "Union Hartkirch"]
[SourceDate "1998.01.01"]

1. e4 c5 2. Nf3 d6 3. c3 Nf6 4. Be2 Nc6 5. d4 cxd4 6. cxd4 Nxe4 7. d5 Qa5+ 8.
Nc3 Nxc3 9. bxc3 Ne5 10. Nxe5 dxe5 11. O-O Bd7 12. Rb1 b6 13. c4 g6 14. Bb2 f6
15. Bg4 Qa4 16. Qxa4 Bxa4 17. Be6 Bh6 18. c5 bxc5 19. Ba3 Bd7 20. Rb7 Bxe6 21.
dxe6 O-O 22. Bxc5 Rfb8 23. Rd7 Bf8 24. Rfd1 Re8 25. Bxa7 Rac8 26. a4 Rc6 27. a5
Rec8 28. Bb6 Rxe6 29. g3 Ra8 30. Rd8 Ra6 31. R1d7 Kf7 32. Rb7 f5 33. Kf1 Bg7
34. Ke2 e4 35. Rd5 Bf6 36. Rb5 Rc6 37. Bc5 Ra8 38. R7b6 Rxc5 39. Rxc5 Bd4 40.
Rcb5 Bxb6 41. axb6 Rb8 42. Ke3 Ke6 43. g4 fxg4 44. Kxe4 Kd6 45. Kf4 Kc6 46. Re5
Kd6 47. Rb5 Kc6 48. Re5 Kd6 1/2-1/2

[Event "6. Raiffeisen Open - A"]
[Site "Aschach"]
[Date "1997.12.27"]
[Round "3"]
[White "Knechtel, Roland"]
[Black "Kranzl, Peter"]
[Result "0-1"]
[WhiteElo "2145"]
[BlackElo "2265"]
[PlyCount "102"]
[EventDate "1997.??.??"]
[Source "Union Hartkirch"]
[SourceDate "1998.01.01"]

1. d4 Nf6 2. c4 c5 3. d5 b5 4. cxb5 a6 5. e3 g6 6. Nc3 Bg7 7. e4 d6 8. bxa6 O-O
9. Bd3 Qb6 10. Nge2 Bxa6 11. O-O Ng4 12. Bxa6 Nxa6 13. h3 Ne5 14. b3 Rfb8 15.
Be3 Nc7 16. f4 Nd7 17. Rb1 Qa5 18. Qc2 Nb5 19. Nxb5 Qxb5 20. a4 Qa6 21. Nc3 Rb7
22. Nb5 Nb6 23. Na3 Rc8 24. Kh1 Bf6 25. Rfc1 Rcb8 26. Qd1 Na8 27. Nc4 Nb6 28.
Na3 Nc8 29. Nb5 Na7 30. e5 dxe5 31. fxe5 Bxe5 32. Nxa7 Rxa7 33. Bxc5 Rd7 34.
Qf3 Rbd8 35. Re1 f6 36. Red1 Qb7 37. b4 Rxd5 38. Rxd5 Rxd5 39. Bxe7 Qd7 40. Bc5
Kg7 41. a5 Rd3 42. Qe4 Ra3 43. Qa8 Kh6 44. Bf8+ Kg5 45. Qe4 Bb8 46. Rc1 Be5 47.
a6 Rxa6 48. h4+ Kh5 49. Qe2+ Qg4 50. Qxa6 Qxh4+ 51. Kg1 Bd4+ 0-1

[Event "6. Raiffeisen Open - A"]
[Site "Aschach"]
[Date "1997.12.27"]
[Round "3"]
[White "Wendt, Rene"]
[Black "Karner, Christoph"]
[Result "1-0"]
[WhiteElo "2290"]
[BlackElo "2155"]
[PlyCount "81"]
[EventDate "1997.??.??"]
[Source "Union Hartkirch"]
[SourceDate "1998.01.01"]

1. d4 Nf6 2. c4 g6 3. Nc3 Bg7 4. e4 d6 5. f3 O-O 6. Bg5 Nbd7 7. Qd2 c5 8. d5 a6
9. Nh3 Qa5 10. Nf2 Rb8 11. a4 b5 12. cxb5 axb5 13. Bxb5 Ba6 14. O-O Ne5 15. Qe2
Ra8 16. f4 Ned7 17. e5 Bxb5 18. axb5 Qxa1 19. Rxa1 Rxa1+ 20. Nfd1 Nh5 21. g4 f6
22. exf6 exf6 23. gxh5 fxg5 24. fxg5 Be5 25. Kg2 Nb6 26. Ne3 Rf4 27. Ng4 Nc4
28. Nf6+ Kg7 29. h6+ Kf7 30. b6 Nxb6 31. Qb5 Bxf6 32. gxf6 Rb4 33. Qe2 Kxf6 34.
Ne4+ Ke5 35. Ng5+ Kxd5 36. Nxh7 Kc6 37. Nf6 Nd5 38. Qe8+ Kb7 39. Nxd5 Rxb2+ 40.
Kg3 Ra3+ 41. Ne3 1-0

[Event "6. Raiffeisen Open - A"]
[Site "Aschach"]
[Date "1997.12.27"]
[Round "3"]
[White "Schelle, Artur"]
[Black "Rogulj, Branko"]
[Result "0-1"]
[WhiteElo "2260"]
[BlackElo "2415"]
[PlyCount "104"]
[EventDate "1997.??.??"]
[Source "Union Hartkirch"]
[SourceDate "1998.01.01"]

1. d4 Nf6 2. c4 g6 3. Nc3 d5 4. cxd5 Nxd5 5. Nf3 Bg7 6. e4 Nxc3 7. bxc3 c5 8.
Rb1 O-O 9. Be2 Nd7 10. e5 cxd4 11. cxd4 Nb6 12. h4 Bf5 13. Bd3 Qd7 14. h5 Rac8
15. h6 Bh8 16. O-O Rc7 17. Bg5 Be6 18. Bb5 Qd8 19. Rc1 Nd5 20. Qd2 f6 21. Bh4
a6 22. Ba4 Nb6 23. Rxc7 Qxc7 24. Rc1 Qd8 25. exf6 Bxf6 26. Qe2 Bd5 27. Bb3 Bxb3
28. axb3 Qd7 29. Bg3 Nd5 30. Ne5 Qe6 31. Rc5 Rd8 32. Qe4 Bg5 33. Qg4 Qf5 34.
Qe2 Bxh6 35. Ng4 Bg5 36. Bh4 h5 37. Bxg5 Qxg4 38. Qxg4 hxg4 39. Bh4 Kf7 40. Bg3
Ke6 41. Rc2 a5 42. Be5 Ra8 43. Kf1 Ra6 44. Rc5 a4 45. bxa4 Rxa4 46. Rc8 b5 47.
Rc6+ Kf5 48. Rc5 Ke4 49. Kg1 g3 50. f3+ Kd3 51. Bxg3 Nc3 52. Be5 Rc4 0-1

[Event "6. Raiffeisen Open - A"]
[Site "Aschach"]
[Date "1997.12.27"]
[Round "3"]
[White "Schmidt, Peter"]
[Black "Brandstaetter, Friedrich"]
[Result "1-0"]
[WhiteElo "2410"]
[BlackElo "2165"]
[PlyCount "97"]
[EventDate "1997.??.??"]
[Source "Union Hartkirch"]
[SourceDate "1998.01.01"]

1. Nf3 Nf6 2. g3 g6 3. b3 Bg7 4. Bb2 O-O 5. Bg2 d6 6. d4 Nbd7 7. O-O e5 8. dxe5
Ng4 9. Qd2 Ngxe5 10. c4 Nxf3+ 11. exf3 Bxb2 12. Qxb2 Nf6 13. Nc3 Be6 14. f4 c6
15. Rad1 d5 16. f5 Bxf5 17. cxd5 cxd5 18. Bxd5 Qe7 19. Rfe1 Be6 20. Bxe6 fxe6
21. Nd5 Nxd5 22. Rxd5 Rad8 23. Rde5 Qf6 24. Qe2 Rfe8 25. Rxe6 Qxe6 26. Qxe6+
Rxe6 27. Rxe6 Kf7 28. Re2 Rd7 29. h4 h5 30. Kg2 Kf6 31. Kf3 Rc7 32. g4 hxg4+
33. Kxg4 Rd7 34. Rc2 Re7 35. Rd2 Rc7 36. f4 Kg7 37. b4 Rf7 38. Rd6 Kh7 39. a4
Kg7 40. a5 Kh7 41. b5 Rc7 42. b6 axb6 43. axb6 Rc1 44. Rd7+ Kh6 45. Rxb7 Rb1
46. Rb8 Rb5 47. b7 Kg7 48. h5 gxh5+ 49. Kh4 1-0

[Event "6. Raiffeisen Open - A"]
[Site "Aschach"]
[Date "1997.12.27"]
[Round "3"]
[White "Wegerer, Josef"]
[Black "Grabher, Heinz"]
[Result "0-1"]
[WhiteElo "1823"]
[BlackElo "2260"]
[PlyCount "162"]
[EventDate "1997.??.??"]
[Source "Union Hartkirch"]
[SourceDate "1998.01.01"]

1. e4 c5 2. Nc3 Nc6 3. g3 g6 4. Bg2 Bg7 5. d3 d6 6. Be3 e6 7. Qd2 Rb8 8. Nge2
Nd4 9. Nd1 b5 10. Nc1 b4 11. c3 bxc3 12. bxc3 Nc6 13. f4 Nge7 14. O-O O-O 15.
d4 Ba6 16. Rf2 cxd4 17. cxd4 d5 18. e5 Nf5 19. Nb3 Bc4 20. Nc5 Re8 21. g4 Nxe3
22. Nxe3 Na5 23. Bf1 Bf8 24. Bxc4 Nxc4 25. Nxc4 dxc4 26. Ne4 Be7 27. f5 Qb6 28.
f6 Bf8 29. Nd6 Red8 30. Rd1 Bxd6 31. exd6 Qxd6 32. Qh6 Qf8 33. Qe3 Rd5 34. Rc1
Rc8 35. Rc3 Rb5 36. Rfc2 Qd8 37. Rf2 Rb1+ 38. Kg2 Qd5+ 39. Kh3 h5 40. Qh6 hxg4+
41. Kh4 Qh5+ 42. Qxh5 gxh5 43. Kxh5 Rd1 44. Rf4 Rd3 45. Rxg4+ Kf8 46. Rg3 Rxd4
47. h4 Rf4 48. Rg5 Rxf6 49. Ra5 Rg6 50. Rg5 Kg7 51. Rxg6+ fxg6+ 52. Kg4 Kf6 53.
Kf4 Rc5 54. a4 a5 55. Ke4 e5 56. Rf3+ Kg7 57. Rc3 Kh6 58. Kf3 Kh5 59. Kg3 g5
60. hxg5 Kxg5 61. Kf3 Kf5 62. Ke3 Rc8 63. Kf3 Ke6 64. Ke4 Rh8 65. Rg3 Rh4+ 66.
Ke3 Rd4 67. Rg6+ Kd5 68. Ra6 Rd3+ 69. Ke2 Ra3 70. Rxa5+ Kd4 71. Ra8 Ra2+ 72.
Kd1 Kd3 73. Kc1 e4 74. Kb1 Ra3 75. a5 e3 76. Rd8+ Kc3 77. Re8 Kd2 78. Kb2 Rxa5
79. Rd8+ Ke1 80. Kc3 e2 81. Kc2 Kf2 0-1